000 00618nam a2200205 a 4500
001 BRCA_4396
005 20190320204644.0
008 750824s1967----mx-#######---#000-0#spa-c
041 _aspa
044 _amx
050 4 _aF1201
_b.E88 1967
245 1 0 _aEstudios de historia moderna y contemporánea de México.
260 _aMéxico
_bUNAM, Instituto de Investigaciones Históricas
_c1967
300 _a247 (v.2)
_c24 cm.
500 _aColección Sonia Corcuera de Mancera
651 4 _aMéxico
_vPublicaciones periódicas
_xHistoria
_911167
651 4 _aMéxico
_xHistoria
_9614
902 _aDSC
942 _2lcc
_cB
999 _c4107
_d4107